000 00548cam a2200193 4500
001 D14825
008 090401t1946 xxu||||| |||| 00| 0 eng d
035 _a(Sirsi) u18209
041 _aeng
050 _a690.24
100 _aLucas, Edgar
245 _aBuilding repairs and maintenance dealing with the survey of premises, demolitions and repairs to structure and supply services of buildings
250 _a2nd
260 _aLondon
_bGeorge Newnes
_c1946
300 _ax. 176p. ill. 23cm
350 _a0
942 _n0
948 _c04/03/1997
999 _c87580
_d87580